Investment guide for the Kyrgyz Republic

Salvato in:
Dettagli Bibliografici
Ente Autore: OECD - Centre for Co-operation with Non-members
Natura: Libro
Lingua:inglese
Pubblicazione: Paris OECD 1998
Soggetti:
Tags: Aggiungi Tag
Nessun Tag, puoi essere il primo ad aggiungerne!!

MARC

LEADER 00000nam a2200000 4500
001 c122528
005 20240111125534.6
020 |a 92-64-16105-8 
041 0 |a eng 
044 |a FR 
245 1 0 |a Investment guide for the Kyrgyz Republic 
264 1 |a Paris  |b OECD  |c 1998 
300 |a 168 s. 
610 2 0 |a investície zahraničné 
610 2 0 |a podmienky prírodné 
610 2 0 |a demografia 
610 2 0 |a vzdelanie 
610 2 0 |a náboženstvo 
610 2 0 |a legislatíva 
610 2 0 |a štruktúra ekonomická 
610 2 0 |a poľnohospodárstvo 
610 2 0 |a priemysel 
610 2 0 |a infraštruktúra 
610 2 0 |a financie 
610 2 0 |a vývoj hospodársky 
610 2 0 |a ceny 
610 2 0 |a politika fiškálna 
610 2 0 |a politika peňažná 
610 2 0 |a zamestnanosť 
610 2 0 |a účty bežné 
610 2 0 |a privatizácia 
610 2 0 |a investície priame zahraničné 
610 2 0 |a dane 
610 2 0 |a sektor súkromný 
610 2 0 |a adresáre 
610 2 0 |a Kirgizská republika 
610 2 0 |a OECD 
710 2 |a OECD - Centre for Co-operation with Non-members